00362nam a2200145Ia 4500008004100000020001500041041001200056082001100068100001600079245005700095260003600152300000800188650000700196700001300203221030s9999 xx 000 0 und d a8121924960 aEnglish a105.23 aV. K. Mehta 0aPrinciples of Power Systemcby V. K. Mehta, R. Mehta bS. Chand & Co.aNew Delhic2010 a608 aEE aR. Mehta